000 00391nam a2200133Ia 4500
005 20260326235441.0
008 260326s9999||||xx |||||||||||||| ||und||
100 _aGómez Azpeitia, Luis Gabriel
245 0 _aOrden y beneficio del Territorio durante el Virreinato /
_cLuis Gabriel Gómez Azpeitia
260 _bUniversidad de Colima
300 _a297 p.
650 _aURBANISMO
942 _cBK
999 _c7413
_d7413